000 00620nam a2200229Ia 4500
003 OSt
005 20220918210018.0
006 a|||||r|||| 00| 0
007 ta
008 220917b |||||||| |||| 00| 0 eng d
024 _a118,765
037 _cTextual
040 _aARTS
_cARTS
_beng
041 _2eng
_aeng
082 _aV73:1:N5, K51
100 _aHavens Murray Clark
_9116815
245 0 _aChallenges to democracy
_b consensus and extremism in American politics
260 _c1965
650 _aHISTORY
942 _hV73:1:N5, K51
_cTEXL
_2CC
999 _c242034
_d242034